MARC

LEADER 00000nam0a2200000 4500
001 354820
005 20231102010730.0
035 |a (RuTPU)RU\TPU\retro\12079 
090 |a 354820 
100 |a 20200626d1973 km y0rusy50 ca 
101 0 |a rus 
102 |a EE 
105 |a a z 101zy 
200 1 |a Синтез и применение новых поверхностно-активыных веществ  |e материалы II Всесоюзного совещания Секции синтеза и терминологии поверхностно-активных веществ, Таллин, 2-6 июня 1970 г.  |f Академия наук Эстонской ССР, Институт химии ; под ред. О. Г. Киррета 
210 |a Таллин  |c Изд-во Академии наук ЭССР  |d 1973 
215 |a 160 с.  |c ил. 
320 |a Библиогр. в конце ст. 
606 1 |a Поверхностно-активные вещества  |x Синтез  |x Применение  |x Анализ  |2 stltpush  |3 (RuTPU)RU\TPU\subj\67670  |9 83391 
610 1 |a новые вещества 
610 1 |a совещания 
610 1 |a Таллинн 
610 1 |a олефиновое сырье 
610 1 |a кислотные катализаторы 
610 1 |a высшие спирты 
610 1 |a ксантогенаты 
610 1 |a требования 
610 1 |a нефтедобывающая промышленность 
610 1 |a коллоидные дисперсии 
610 1 |a свойства 
675 |a 661.185(063)  |v 4 
702 1 |a Киррет  |b О. Г.  |4 340 
712 0 2 |a Академия наук Эстонской ССР  |b Институт химии  |2 stltpush  |3 (RuTPU)RU\TPU\col\13642  |9 25737 
712 1 2 |a Синтез и применение новых поверхностно-активыных веществ  |c совещание  |e Таллинн  |f 1970  |4 570 
801 1 |a RU  |b 63413507  |c 20200626 
801 2 |a RU  |b 63413507  |c 20210121  |g RCR 
942 |c BK